000 00373nam a2200157Ia 4500
008 230524s9999 xx 000 0 und d
082 _a621.4061
_bDUR
100 _aD.Ramadurgaiah
245 0 _aFluid Mechanics and Machinery
250 _a1ST
260 _aNEW DELHI
_bNAI
_c2002
300 _a884
500 _aQuantity Number: 2
650 _aMechanics
942 _cBK
999 _c12864
_d12864